00700nam a2200217Ia 4500003000900000008004100009020002200050040001600072080001600088100002000104245013800124260003800262300001500300490004100315650001900356650002000375650002100395650001900416700002100435700002600456IN-BaIIA211028s9999 xx 000 0 eng d a978-0-471-85933-8 cIIA Library a681.31bSEB aSeborg, Dale E. 0aProcess dynamics and controlcDale E. Seborg, Thomas F. Edgar and Duncan A. Mellichamp  aNew YorkbJohn Wiley & Sonsc1989 axvi, 717p. aWiley series in chemical engineering aControl theory aDynamic control aFeedback control aNASA Thesaurus aEdgar, Thomas F. aMellichamp, Duncan A.